• 首页
  • 本馆介绍
  • 公告通知
  • 最新文献
  • 馆藏检索
  • 电子资源
  • 读者导购
  • 参考咨询
  • 我的图书馆
  • 登录
  • 详细信息显示
  • 放入我的书架
  • 预约/预借图书
  • 作者相关作品
  • 分类相关作品
  • 丛书相关作品
  • 出版社相关作品

书目信息

  • 表格格式
  • 工作单格式
  • 卡片格式
题名:
效用理论与纳什均衡选择
    
 
作者: 李保明 著
分册:  
出版信息: 北京   经济科学出版社  2003
页数: 185页
开本: 21cm
丛书名:
单 册:
中图分类: F224.32
科图分类:
主题词: 对策论--应用--经济--研究
电子资源:
ISBN: 7-5058-3652-8
000 00967nam0 2200265 450
001 120002471899
005 20050906155646.51
010    @a7-5058-3652-8@dCNY12.00
100    @a20041229d2003 ekmy0chiy0120 ea
101 0  @achi
102    @aCN@b110000
105    @ay az 000yy
200 1  @a效用理论与纳什均衡选择@Axiao yong li lun yu na shi jun heng xuan ze@e对协调与合作问题的探讨@f李保明著@Fli bao ming zhu
210    @a北京@c经济科学出版社@d2003
215    @a185页@d21cm
300    @a教育部社科基金项目(01JA790091) 山东省社科基金项目(01BJJ05)
320    @a有书目
330    @a该书通过理论推导和博弈试验论证了纳什均衡选择与参与人风险类型的关系,并对Harsanyi和Selten的选择方法进行了补充和修正。
517 1  @a对协调与合作问题的探讨@Adui xie tiao yu he zuo wen ti de tan tao
606 0  @a对策论@x应用@x经济@x研究
690    @aF224.32@v4
701  0 @a李保明@Ali bao ming@4著
801  0 @aCN@bTSSF@c20050906
905    @a10447@dF224.32@e150
999    @aWJ
    
    效用理论与纳什均衡选择:对协调与合作问题的探讨/李保明著.-北京:经济科学出版社,2003
    185页;21cm
    教育部社科基金项目(01JA790091) 山东省社科基金项目(01BJJ05)
    
    ISBN 7-5058-3652-8:CNY12.00
    该书通过理论推导和博弈试验论证了纳什均衡选择与参与人风险类型的关系,并对Harsanyi和Selten的选择方法进行了补充和修正。
●
相关链接 在E读中查询图书 在五车中查询图书 在当当中查询图书 在豆瓣中查询图书


正题名:效用理论与纳什均衡选择     索取号:F224.32/150         预约/预借

序号 登录号 条形码 馆藏地/架位号 状态 备注
1 0360258   3602587   第一样本阅览室/ [索取号:F224.32/150] 在馆    
2 0360259   3602596   第一借阅区/ [索取号:F224.32/150] 在馆    
3 0360260   3602603   第一借阅区/ [索取号:F224.32/150] 在馆    
唐山师范学院图书馆 欢迎您!
大连网信软件有限公司© 版权所有